Central Library OPAC University of Rajshahi

Enhancement of abiotic stress tolerance through somatic and gametic embryogenesis in wheat (Triticum aestivum L.) / (Record no. 81601)

MARC details
000 -LEADER
fixed length control field 01020nam a22002417a 4500
001 - CONTROL NUMBER
RUCL Control Number 81601
003 - CONTROL NUMBER IDENTIFIER
rucl marc code BD-RjUL
005 - DATE AND TIME OF LATEST TRANSACTION
control field 20230820123033.0
008 - FIXED-LENGTH DATA ELEMENTS--GENERAL INFORMATION
fixed length control field 230724s2019 bg a|||| m||| 00| 0 eng d
035 ## - SYSTEM CONTROL NUMBER
system control number (BD-RjUL)81601
040 ## - CATALOGING SOURCE
Original cataloging agency BD-RjUL
Language of cataloging eng
Transcribing agency BD-RjUL
Modifying agency BD-RjUL
041 ## - LANGUAGE CODE
Language code of Book eng
082 ## - DEWEY DECIMAL CLASSIFICATION NUMBER
DDC Edition number 23
Classification number 664.722
Author mark and Year HAE 2019
100 ## - MAIN ENTRY--PERSONAL NAME
Personal name Hassan, Mirza Fida,
9 (RLIN) 8121
245 10 - TITLE STATEMENT
Title Enhancement of abiotic stress tolerance through somatic and gametic embryogenesis in wheat (Triticum aestivum L.) /
Statement of responsibility, etc By Mirza Fida Hassan ;
Name of Supervisor/Co-Supervisor Supervisor : S.M. Shahinul Islam,
260 ## - PUBLICATION, DISTRIBUTION, ETC. (IMPRINT)
Place of publication, distribution, etc Rajshahi :
Name of publisher, distributor, etc Plant Genetic Engineering Lab. Institute of Biological Sciences, University of Rajshahi,
Date of publication, distribution, etc 2019.
300 ## - PHYSICAL DESCRIPTION
Pagination xx, 222 leaves :
Other physical details ill, ;
Dimensions 29.cm,
502 ## - DISSERTATION NOTE
Dissertation note Thesis (Ph. D.) -- Plant Genetic Engineering Lab. Institute of Biological Sciences, University of Rajshahi, 2019
504 ## - BIBLIOGRAPHY, ETC. NOTE
Bibliography, etc References : Leaves 177 - 176
650 ## - SUBJECT ADDED ENTRY--TOPICAL TERM
Topical term or geographic name as entry element Wheat
Form subdivision Food technology
9 (RLIN) 6391
700 ## - ADDED ENTRY--SUPERVISOR/CO-SUPERVISOR NAME
Personal name Islam, S S.M. Shahinul, Supervisor
9 (RLIN) 8122
942 ## - ADDED ENTRY ELEMENTS (KOHA)
Source of classification or shelving scheme Dewey Decimal Classification
Koha item type Theses
Holdings
Source of classification or shelving scheme Damaged status Not for loan Collection code Permanent Location Current Location Shelving location Date of accession Source of acquisition Full call number Barcode Date last seen Copy number Thesis
Dewey Decimal Classification   Not For Loan Theses Central Library, University of Rajshahi Central Library, University of Rajshahi Documentation Section 19/01/2023 Controller of Exam. R.U. THE 664.722 HAE 2019 D4617 24/07/2023 C-1 Theses